Normal view
MARC view
Entry Topical Term
001 - CONTROL NUMBER
- control field: 45260
003 - CONTROL NUMBER IDENTIFIER
- control field: ARRUPE
005 - DATE AND TIME OF LATEST TRANSACTION
- control field: 20190315094822.0
008 - FIXED-LENGTH DATA ELEMENTS
- fixed length control field: 190315|| aca||aabn | a|a d
040 ## - CATALOGING SOURCE
- Original cataloging agency: ARRUPE
- Transcribing agency: ARRUPE
150 ## - HEADING--TOPICAL TERM
- Topical term or geographic name as entry element: Philosophy.
670 ## - SOURCE DATA FOUND
- Source citation: Work cat.: (ARRUPE)0: Castoriadis, Cornelius, 1922-1997. 45259, Les carrefours du labyrinthe /, c1978-<c1999 >